000 00667pam a2200217 a 4500
001 1543545
005 20180313053753.0
008 910809s1992 nyu 001 0 eng
010 _a 91031454
020 _a0525934146 :
_c$25.00
040 _aDLC
_cDLC
_dDLC
041 _aeng
080 _a658 DRU
082 0 0 _a658 DRU
_220
100 1 _a54
101 _aMEN
245 1 0 _aManaging for the future :
_cPeter F. Drucker.
906 _a7
_bcbu
_corignew
_d1
_eocip
_f19
_gy-gencatlg
942 _2ddc
_cBK
999 _c44863
_d44863